MARC

LEADER 00000nam0a2200000 4500
001 318661
005 20231102003111.0
035 |a (RuTPU)RU\TPU\book\344159 
090 |a 318661 
100 |a 20160429d1972 m y0rusy50 ca 
101 0 |a rus 
102 |a RU 
105 |a a j 001zy 
200 1 |a Расчеты и конструирование резиновых технических изделий и форм  |e учебное пособие  |f В. А. Лепетов 
210 |a Ленинград  |c Химия  |d 1972 
215 |a 311 с.  |c ил. 
320 |a Библиография в конце глав. 
320 |a Предметный указатель: с. 303-307. 
606 1 |a Резиновые изделия технические  |2 stltpush  |3 (RuTPU)RU\TPU\subj\53502  |9 71709 
610 1 |a резина 
610 1 |a армирующие материалы 
610 1 |a приводные ремни 
610 1 |a прорезиненные ленты 
610 1 |a полые изделия 
610 1 |a рукава 
610 1 |a полные уплотнители 
610 1 |a резиновые детали 
610 1 |a резиновые амортизаторы 
610 1 |a губчатые изделия 
610 1 |a вулканизационные прессформы 
610 1 |a учебные пособия 
675 |a 678.4.02(075.8)  |v 3 
700 1 |a Лепетов  |b В. А.  |g Василий Александрович 
801 1 |a RU  |b 63413507  |c 20160429 
801 2 |a RU  |b 63413507  |c 20160504  |g RCR 
942 |c BK